000 00280nam a22001337a 4500
008 170629b xxu||||| |||| 00| 0 eng d
020 _a9780768904550
041 _aeng
080 _a05
100 _a22
101 _aGJL
245 _aCOLLEGES
_cMANGRUM, CH.T
942 _2udc
_cBK
999 _c19475
_d19475